Unscramble The Candy - Statistics

General Stats
  • This quiz has been taken 87 times
  • The average score is 8 of 10
Answer Stats
Hint Answer % Correct
ollyj charren Jolly Rancher
89%
keltitss Skittles
89%
semg Gems
84%
churncr Crunch
83%
nsiescrk Snickers
83%
orus chatp Sour Patch
79%
switzerlz Twizzlers
78%
stubrastr Starburst
72%
rethe meteksreus Three Musketeers
68%
eharida Airhead
24%
No matching quizzes found
Score Distribution
Percent of People with Each Score
Percentile by Number Answered
Your Score History
You have not taken this quiz